| 000 | 00436nam a22001697a 4500 | ||
|---|---|---|---|
| 003 | BD-ChCU | ||
| 005 | 20251218111552.0 | ||
| 008 | 251218b bg ||||| |||| 00| 0 ben d | ||
| 040 | _cBD-ChCU | ||
| 082 | _a335.4 STW | ||
| 100 |
_aStrachey, John. _918324 |
||
| 245 |
_aWhey you should be a socialist.// _cJohn Strachey. |
||
| 260 |
_aLondon. _bGollancz. _c1944 |
||
| 300 | _a96p | ||
| 650 | 0 |
_aSocialism. _918326 |
|
| 942 |
_2ddc _cBK _n0 |
||
| 999 |
_c110545 _d110545 |
||